Quantitative methods for spatially resolved adsorption/desorption measurements in real time by surface plasmon resonance microscopy /

Spremljeno u:
Bibliografski detalji
Glavni autor: Shumaker-Parry, Jennifer S.
Daljnji autori: Campbell, Charles T.
Format: Članak
Jezik:English
Teme:
DNA
Oznake: Dodaj oznaku
Bez oznaka, Budi prvi tko označuje ovaj zapis!
Thư viện lưu trữ: Thư viện Trường Đại học Đà Lạt
LEADER 01049nam a2200337 4500
001 DLU090097770
005 ##20091201
040 # # |a DLU  |b eng 
041 # # |a eng 
044 # # |a us 
100 # # |a Shumaker-Parry, Jennifer S.  
245 # # |a Quantitative methods for spatially resolved adsorption/desorption measurements in real time by surface plasmon resonance microscopy /  |c Jennifer S. Shumaker-Parry, Charles T. Campbell. 
653 # # |a Adsorption 
653 # # |a Chemical enrichment 
653 # # |a Detection limit 
653 # # |a DNA 
653 # # |a Gold 
653 # # |a Metal 
653 # # |a Microscopy 
653 # # |a Surface plasmon resonance 
700 # # |a Campbell, Charles T. 
773 # # |t Analytical Chemistry  |g Vol. 76, no. 4 (February 2004), p. 907-917 
920 # # |a Phòng Tạp chí -- Trung tâm Thông tin - Thư viện Trường Đại học Đà Lạt 
994 # # |a DLU 
900 # # |a True 
911 # # |a Trương Bảo Trâm Anh 
925 # # |a G 
926 # # |a A 
927 # # |a BB 
980 # # |a Thư viện Trường Đại học Đà Lạt